00574nam a22001937a 450000500170000001000150001702000260003203500140005803700130007208200110008524500830009626000350017927000680021430000240028250000200030670000170032670000210034370000160036420190716163921.0 aENG-125958 a9789387324978c720.00 aEN-109490 bDBAD/PUB a327.54 aCorridors of engagement /ced.by Swarn Singh, Anita Sengupta [and] Priya Singh aNew DelhibKW Publishersc2019 a4676/21, First Floor, Ansari RoadbDaryaganj, New Delhie110002 axiv,194p.c24cm(Hb) aIncludes index aSwaran Singh aSengupta, Anita  aPriya Singh